[Event "Potiguar-ch Interiorano"]
[Site "Parnamirim"]
[Date "2018.01.14"]
[Round "4.6"]
[White "De Morais, Alemberg Beserra"]
[Black "De Lima, Lussander Guilherme"]
[Result "1/2-1/2"]
[WhiteElo "1716"]
[BlackElo "1775"]
[PlyCount "51"]
[EventDate "2018.01.12"]
[EventType "swiss"]
[EventRounds "5"]
[EventCountry "BRA"]
[SourceTitle "EXT 2022"]
[Source "ChessBase"]
[SourceDate "2021.10.06"]
[SourceVersion "1"]
[SourceVersionDate "2021.10.06"]
[SourceQuality "1"]

1. e4 e5 2. Nf3 Nc6 3. d4 exd4 4. Nxd4 Bc5 5. Be3 Bb6 6. Bc4 Nge7 7. 0-0 0-0 8. Nc3 d6 9. Qd2 Be6 10. Bxe6 fxe6 11. Nxe6 Bxe3 12. fxe3 Rxf1+ 13. Rxf1 Qd7 14. Ng5 h6 15. Nf3 Ng6 16. Qd5+ Kh8 17. Qh5 Nce5 18. Nh4 Qg4 19. Qxg4 Nxg4 20. Nd5 a5 21. Nxg6+ Kh7 22. Nf8+ Kg8 23. Ne7+ Kh8 24. Nfg6+ Kh7 25. Nf8+ Kh8 26. Nfg6+ 1/2-1/2